A hostia sa už schádzajú..

Bibliographic Details
Main Author: Solouchin, Vladimir Aleksejevič, 1924-1997 (Author)
Other Authors: Dvořáková-Žiaranová, Ružena, 1930-2017 (Translator), Grečner, Dušan, 1944-2015 (gup)
Format: Article
Language:Slovak
PhysicalDescription:Nedeľa, príloha Nového slova, č. 24, s. /5-6/
Subjects:

MARC

LEADER 00000nab a2200000 a 4500
001 vtls000142773
003 SK-MaSNL
005 20260303221907.0
008 111104c1982 xo 0 slo
015 |a SNBRB19rr/mm-uuuuu 
035 |a CL0152880 
040 |a SNKBUCL  |b slo  |c SNKBUCL  |e AACR2 
041 0 |a slo 
044 |a xo  |c SK 
080 |a 882-3  |2 1981 
080 |a 82  |2 1981 
080 |a 882  |2 1981 
100 1 |a Solouchin, Vladimir Aleksejevič,  |d 1924-1997  |4 aut  |9 240035 
245 1 0 |a A hostia sa už schádzajú..  |c Vladimír Solouchin ; Ružena Dvořáková-Žiaranová, Dušan Grečner 
300 |b Nedeľa, príloha Nového slova, č. 24, s. /5-6/ 
500 |a Text doplnený informáciou o autorovi a jeho tvorbe 
650 0 7 |a spoločenské poviedky  |2 snkbucl  |9 30980 
650 0 7 |a ruské poviedky  |2 snkbucl  |9 388162 
655 7 |a články z novín a časopisov  |2 snkbucl  |9 267496 
655 7 |a články z odboru literárna veda a krásna literatúra  |2 snkbucl  |9 770045 
700 1 |a Dvořáková-Žiaranová, Ružena,  |d 1930-2017  |4 trl  |9 223959 
700 1 |a Grečner, Dušan,  |d 1944-2015  |4 gup  |9 162271 
773 0 |t Nové slovo  |g Roč. 24, č. 48 (1982) 
850 |a Slovenská národná knižnica v Martine  |a MTA001 
852 |a SNK  |b KIS3GCP 
958 |a RK 
958 |a LX 
958 |a SK 
992 |a RBX 
999 |c 2236813  |d 2238743